| 000 | 01718cam a2200373 i 4500 | ||
|---|---|---|---|
| 001 | 22354951 | ||
| 003 | OSt | ||
| 005 | 20260123095117.0 | ||
| 008 | 211217s2023 maua b 001 0 eng | ||
| 010 | _a 2021952949 | ||
| 020 |
_a9780357657843 _q(paperback) |
||
| 035 | _a22354951 | ||
| 040 |
_beng _cFoundation University _erda |
||
| 042 | _apcc | ||
| 050 | 0 | 0 |
_aRC 454 _b.2023 B37 |
| 100 | 1 |
_aBarlow, David H., _eauthor. _914329 |
|
| 240 | 1 | 0 | _aAbnormal psychology |
| 245 | 1 | 0 |
_aPsychopathology : _ban integrative approach to mental disorders / _cDavid H. Barlow (Boston University), V. Mark Durand (University of South Florida-St. Petersburg), Stefan G. Hofmann (Philipps University of Marburg, Germany, and Boston University). |
| 250 | _aNinth edition. | ||
| 264 | 1 |
_aBoston, MA : _bCengage, _c[2023] _42023. |
|
| 300 |
_a1 volume (various pagings) : _bcolor illustrations ; _c28 cm _3resource _fvolume |
||
| 336 |
_atext _btxt _2rdacontent |
||
| 337 |
_aunmediated _bn _2rdamedia |
||
| 338 |
_avolume _bnc _2rdacarrier _3resource |
||
| 500 | _aRevised edition of: Abnormal psychology / David H. Barlow, V. Mark Durand, Stefan G. Hofmann. Eighth edition. [2018]. | ||
| 504 | _aIncludes bibliographical references and index. | ||
| 650 | 0 |
_aPsychology, Pathological _vTextbooks. _914330 |
|
| 650 | 0 |
_aMental illness _vTextbooks. _914331 |
|
| 658 | _aPsychology, Bachelor of Science in. | ||
| 700 | 1 |
_aDurand, Vincent Mark, _eauthor. _914332 |
|
| 700 | 1 |
_aHofmann, Stefan G., _eauthor. _914333 |
|
| 856 |
_uhttps://drive.google.com/file/d/1m4nnyOgn4Rz3ZT4vQf7JdNFncceMwAXQ/view?usp=sharing _yClick here to view the table of content |
||
| 942 |
_2lcc _cBK _eNinth edition. _hRC 454 _i.2023 B37 _k(CAS-Psy.) |
||
| 999 |
_c5466 _d5466 |
||